L'Espagne et ses derniers événements / (Record no. 155654)

MARC details
000 -LEADER
campo de control de longitud fija 00739nam a22001935i 4500
001 - NÚMERO DE CONTROL
campo de control 155654
003 - IDENTIFICADOR DE NÚMERO DE CONTROL
campo de control ES-MaACL
005 - FECHA Y HORA DE LA ÚLTIMA TRANSACCIÓN
campo de control 20250604062546.0
008 - DATOS DE LONGITUD FIJA--INFORMACIÓN GENERAL
campo de control de longitud fija 980130s1856 fr |||| | fre d
040 ## - FUENTE DE CATALOGACIÓN
Centro catalogador/agencia de origen NA
Lengua de catalogación spa
Centro/agencia transcriptor NA
100 1# - ENTRADA PRINCIPAL--NOMBRE DE PERSONA
Nombre de persona Hugelmann, Gabriel.
9 (RLIN) 128076
245 12 - MENCIÓN DEL TÍTULO
Título L'Espagne et ses derniers événements /
Mención de responsabilidad, etc. par Gabriel Hugelmann.
260 ## - PUBLICACIÓN, DISTRIBUCIÓN, ETC.
Lugar de publicación, distribución, etc. Paris :
Nombre del editor, distribuidor, etc. Ledoyen,
Fecha de publicación, distribución, etc. 1856 (
Fabricante Imp. de Blondeau)
300 ## - DESCRIPCIÓN FÍSICA
Extensión 217 p., [1] h. ;
Dimensiones 23 cm.
599 ## - NOTA A LAS ILUSTRACIONES
NOTA A LAS ILUSTRACIONES La h. es reprod. de una carta ms. del autor.
651 #7 - PUNTO DE ACCESO ADICIONAL DE MATERIA--NOMBRE GEOGRÁFICO
Nombre geográfico España-
Subdivisión general Historia-
Subdivisión cronológica S.XIX
Fuente del encabezamiento o término
9 (RLIN) 142005
852 ## - LOCALIZACIÓN
Ubicación ES-MaACL
Número de control de estantería T-184-F-4
condición física -- Afectado por la humedad
Nota libre -- Enc. hol.
condición física -- Falto de la hoja y de la cub. original
Nota libre -- Enc. en un vol. facticio
Holdings
Estatus retirado Estado de pérdida Estado de daño No para préstamo Colección Biblioteca de origen Biblioteca actual Ubicación en estantería Fecha de adquisición Total de préstamos Signatura topográfica completa Código de barras Visto por última vez Precio de reemplazo Tipo de ítem Koha
        Colección de folletos Biblioteca del Ateneo de Madrid Biblioteca del Ateneo de Madrid Depósito folletos 17/01/2008   T-184-F-4 1162819 23/02/2023 23/02/2023 Folleto